000 00842nam a2200253Ia 4500
003 OSt
005 20220918170833.0
006 a|||||r|||| 00| 0
007 ta
008 220917b |||||||| |||| 00| 0 eng d
020 _a9780691178882 (hbk)
_cUSD 45.00
024 _a353,447
037 _b8808, 06/03/2020, Efficient Book Distributors
_cTextual
040 _aARTS
_cARTS
_beng
041 _2eng
_aeng
082 _aWxJ88:g, Q8
100 _aSagar Paul Au.
_931564
245 0 _aOpinion of mankind
_b sociability and the theory of the state from hobbes to Smith
260 _aNew Jersey
_bPrinceton University Press USA
_c2018
300 _ax,248p.
_ccm.
650 _aPOLITICAL SCIENCE
942 _hWxJ88:g, Q8
_cTEXL
_2CC
999 _c136118
_d136118